Guidelines to reduce sea turtle mortality in fishing operations / (Record no. 15905)

000 -LEADER
fixed length control field 01757cam a22002777a 4500
020 ## - INTERNATIONAL STANDARD BOOK NUMBER
ISBN 9789251062265
020 ## - INTERNATIONAL STANDARD BOOK NUMBER
ISBN 9251062269
040 ## - CATALOGING SOURCE
Transcribing agency SISPL
082 04 - DEWEY DECIMAL CLASSIFICATION NUMBER
Classification number 333 FOO 2009 A079 Or.
100 1# - MAIN ENTRY--AUTHOR NAME
Personal name Gilman, Eric.
245 10 - TITLE STATEMENT
Title Guidelines to reduce sea turtle mortality in fishing operations /
260 ## - PUBLICATION, DISTRIBUTION, ETC. (IMPRINT)
Place of publication Rome :
Name of publisher Food and Agriculture Organization of the United Nations,
Year of publication 2009.
300 ## - PHYSICAL DESCRIPTION
Number of Pages vii, 128 p. :
Other physical details ill. (some col.) ;
Dimensions 25 cm.
500 ## - GENERAL NOTE
General note Includes bibliographical references.
520 ## - SUMMARY, ETC.
Summary, etc Sea turtles are affected by a range of different factors, some natural and others caused by human activities, including fishing operation. As a result, all sea turtles species whose conservation status has been assessed are considered to be threatened or endangered. These guidelines provide assistance for the preparation of national or multilateral fisheries management measures and industry initiatives that may help to conserve sea turtles by reducing the negative impacts that fisheries may have on them. They present our best understanding of how to reduce the proportion of caught turtles that are killed as a result of interactions with marine capture fisheries. These guidelines include information about how to change fishing gear and fishing methods and how the fishing industry can adopt voluntary approaches to reduce sea turtle mortality.--Publisher's description.
650 #0 - SUBJECT ADDED ENTRY--TOPICAL TERM
Topical Term Sea turtles
650 #0 - SUBJECT ADDED ENTRY--TOPICAL TERM
Topical Term Sea turtles
650 #0 - SUBJECT ADDED ENTRY--TOPICAL TERM
Topical Term Sea turtles
650 #0 - SUBJECT ADDED ENTRY--TOPICAL TERM
Topical Term Bycatches (Fisheries)
650 #0 - SUBJECT ADDED ENTRY--TOPICAL TERM
Topical Term Fishery management.
700 1# - ADDED ENTRY--PERSONAL NAME
Personal name Bianchi, G.
700 1# - ADDED ENTRY--PERSONAL NAME
Personal name Attwood, Claire.
710 2# - ADDED ENTRY--CORPORATE NAME
Corporate name or jurisdiction name as entry element Food and Agriculture Organization of the United Nations.
856 11 - ELECTRONIC LOCATION AND ACCESS
Uniform Resource Identifier http://www.fao.org/docrep/012/i0725e/i0725e.pdf
942 ## - ADDED ENTRY ELEMENTS (KOHA)
Koha item type សៀវភៅភាសាអង់គ្លេស
952 ## - LOCATION AND ITEM INFORMATION (KOHA)
Withdrawn status [LOCAL, KOHA] 0
Holdings
Permanent Location Date acquired Koha item type Lost status Shelving location Barcode Current Location Full call number
Library Block A2017-12-16សៀវភៅភាសាអង់គ្លេស A079RUA061091Library Block A333 FOO 2009 A079 Or.
មជ្ឈមណ្ឌលឯការនៃសាកលវិទ្យាល័យភូមិន្ទកសិកម្មចំការដូង

Powered by Koha